F11_小学校1年生で学習する漢字 - Statistics

General Stats
  • This quiz has been taken 48 times
  • The average score is 62 of 80
Answer Stats
画数 漢字 % Correct
1
100%
2
100%
2
97%
2
97%
2
97%
3
97%
4
97%
4
97%
4
97%
4
97%
2
95%
3
95%
5
95%
3
92%
3
92%
3
92%
3
92%
3
92%
12
92%
3
89%
3
89%
3
89%
5
89%
6
89%
8
89%
4
87%
4
87%
7
87%
8
87%
8
87%
2
84%
4
84%
4
84%
5
84%
5
84%
2
82%
4
82%
5
79%
5
79%
5
79%
7
79%
7
79%
7
79%
5
76%
5
76%
6
76%
8
76%
3
74%
7
74%
10
74%
6
71%
6
71%
8
71%
9
71%
4
68%
8
68%
2
66%
3
66%
5
66%
6
66%
7
66%
4
63%
5
63%
5
63%
6
63%
6
63%
6
63%
7
63%
5
61%
6
61%
7
61%
4
58%
6
55%
9
50%
3
47%
4
47%
4
47%
7
47%
6
45%
6
42%
No matching quizzes found
Score Distribution
Percent of People with Each Score
Percentile by Number Answered
Your Score History
You have not taken this quiz